00497nam a2200181 a 4500001001300000003000900013005001700022008004100039020001000080082001600090100002300106245004300129260005000172300000900222500003500231505001100266650003800277nice12345678IN_TiNIC20260116012249.0050524s1934 cama grp 000 0 eng  ac10000a270.81bCRE aCreed, John Martin aReligious Thought in the 18th Century. aCambridge bCambridge University Press c1934 a302p aincludes index and biblioraphy2 aIndex. aChristianity-History-18th Century